000 00939nmm a2200289 a 4500
001 ocm000651513
003 TR-IsHL
005 20201028141505.0
008 131226s2003 tu tur
007 cr cn
020 _a9789758724222
035 _a651513
_b(N$T)
050 0 4 _aDR435.A7
_bH87 2003
090 0 4 _aDR435.A7
_bH87 2003
100 1 _aHüseyin Nazım Paşa
245 1 0 _aHatıralarım: Ermeni olaylarının içyüzü
_h[electronic resource] /
_cHüseyin Nazım Paşa
260 _aİstanbul :
_bSelis Kitaplar,
_c2003
300 _a320 p.
650 4 _aTarih
650 4 _aHistory
650 0 _aErmeni sorunu
650 0 _aArmenian question
650 0 _aErmeniler
_x Türkiye
_x Tarih
650 0 _aArmenians
_x Turkey
_x History
650 7 _aHISTORY / Middle East / Turkey & Ottoman Empire
_2bisacsh
856 4 0 _uhttp://search.ebscohost.com/login.aspx?direct=true&scope=site&db=e011xww&AN=651513
999 _c7846
_d7846